Statutory cram-panchayats in British India (Record no. 357233)

000 -LEADER
fixed length control field 00681cam a22001337a 4500
008 - FIXED-LENGTH DATA ELEMENTS--GENERAL INFORMATION
fixed length control field 180718b1923 xxu||||| |||| 00| 0 eng d
082 ## - DEWEY DECIMAL CLASSIFICATION NUMBER
Classification number B73x54 Ai98
100 ## - MAIN ENTRY--PERSONAL NAME
Personal name Aiyar, K.V. Krishnaswami
245 ## - TITLE STATEMENT
Title Statutory cram-panchayats in British India
Statement of responsibility, etc. by K.V. Krishnaswami Aiyar
260 ## - PUBLICATION, DISTRIBUTION, ETC.
Place of publication, distribution, etc. Madras
Name of publisher, distributor, etc. Madras Law Journal
Date of publication, distribution, etc. 1923
300 ## - PHYSICAL DESCRIPTION
Extent 39p.
500 ## - GENERAL NOTE
General note Also bound: The Case against proportional representation, by Herman Finer, 1924,17p.: Representation: the journal...No.41, Aug.1923, 44p.;Proportional Revessentation Society, Longon's 3 pamphlets; and the constitutionality of proportional representation, by William Anderson, 1923, 18p.
650 ## - SUBJECT ADDED ENTRY--TOPICAL TERM
Topical term or geographic name entry element Village Panchayats - India
Holdings
Withdrawn status Lost status Damaged status Not for loan Permanent Location Current Location Date acquired Full call number Barcode Date last seen Price effective from Koha item type
        Indian Institute of Public Administration Indian Institute of Public Administration 1994-01-12 B73x54 Ai98 35714 2018-07-21 2018-07-21 Book

Powered by Koha